| 000 | 01398cam a2200349 a 4500 | ||
|---|---|---|---|
| 001 | 17333577 | ||
| 003 | OSt | ||
| 005 | 20200806114118.0 | ||
| 008 | 120606s2014 ohu b 001 0 eng | ||
| 010 | _a 2012941311 | ||
| 020 | _a9781133274537 (hardcover) | ||
| 020 | _a9788131528136 | ||
| 020 | _a8131528136 | ||
| 040 |
_aDLC _cDLC _dDLC |
||
| 042 | _apcc | ||
| 050 | 0 | 0 |
_aHF1017 _b.A6 2014 |
| 082 |
_a519.5 _bAND/S |
||
| 100 |
_aAnderson, David R _q(David Ray), _d1941- _9879 |
||
| 245 | 1 | 0 |
_aStatistics for business and economics / _cDavid R. Anderson, University of Cincinnati, Dennis J. Sweeney, University of Cincinnati,Thomas A. Williams, Rochester Institute of Technology, Jeffrey D. Camm, University of Cincinnati, James J. Cochran, Louisiana Tech University. |
| 250 | _a12e [edition]. | ||
| 264 | 1 |
_aMason, OH : _bSouth-Western, _c[2014] |
|
| 300 |
_axxxii, 1088 pages ; _c26 cm |
||
| 504 | _aIncludes bibliographical references and index. | ||
| 650 | 0 |
_aCommercial statistics _xMethodology. |
|
| 650 | 0 |
_aEconomics _xStatistical methods. |
|
| 650 | 0 | _aStatistics. | |
| 700 | 1 |
_91483 _aSweeney, Dennis J. |
|
| 700 | 1 |
_91484 _aWilliams, Thomas A. _d1944- _q(Thomas Arthur), |
|
| 906 |
_a7 _bcbc _corignew _d3 _eepcn _f20 _gy-gencatlg |
||
| 942 |
_2ddc _cBK _h519.5 _iAND/S _k519.5 _mAND/S |
||
| 999 |
_c11479 _d11479 |
||